| 000 | 00644nam a22002417a 4500 | ||
|---|---|---|---|
| 003 | UA-OsUOA | ||
| 001 | 26107 | ||
| 007 | ta | ||
| 008 | 20040512b un ||||| |||| 00| 0 ukr d | ||
| 100 | _aКогуська Наталка | ||
| 090 |
_a396 _bК57 |
||
| 942 | _cBK | ||
| 040 |
_aUA-OsUOA _bukr _cUA-OsUOA _dUA-OsUOA |
||
| 245 |
_aЧверть століття на громадській ниві _bІсторія собзу українок Канади |
||
| 300 | _a540 с. | ||
| 955 | _a0 | ||
| 041 | _aukr | ||
| 080 | _a396 | ||
| 260 |
_aВінніпег _bТризуб _c1952 |
||
| 044 | _aUA | ||
| 650 | 7 | _2UDC | |
| 999 |
_c312419 _d312419 |
||